| 000 | 00470nam a2200169Ia 4500 | ||
|---|---|---|---|
| 003 | GCL | ||
| 008 | 140319s9999 xx 000 0 eng d | ||
| 040 |
_aGCL / _cGCL |
||
| 082 | 0 | 4 |
_a005.73 _bH A |
| 100 | 1 | _aHARRISON, RACHEL | |
| 245 | 1 | 0 |
_aABSTRACT DATA TYPES IN STANDARD ML / _cHARRISON, RACHEL |
| 260 |
_a[S.N] : _bJOHN WILEY AND SONS. INC ، _c1993 |
||
| 300 | _a212 P | ||
| 650 | 0 | 4 | _aABSTRACT DATA TYPES |
| 650 | 0 | 4 | _aCOMPUTER PROGRAM LANGUAGE |
| 942 |
_2ddc _cBK |
||
| 999 |
_c25639 _d25639 |
||